Detalles MARC
| 000 -LEADER |
| fixed length control field |
01186nam a2200325 a 4500 |
| 001 - CONTROL NUMBER |
| control field |
000026053 |
| 003 - CONTROL NUMBER IDENTIFIER |
| control field |
DO-SdBNP |
| 005 - DATE AND TIME OF LATEST TRANSACTION |
| control field |
20160329135233.0 |
| 007 - PHYSICAL DESCRIPTION FIXED FIELD--GENERAL INFORMATION |
| fixed length control field |
000026053 |
| 008 - FIXED-LENGTH DATA ELEMENTS--GENERAL INFORMATION |
| fixed length control field |
110228s2006 pe d 000 0 spa d |
| 020 ## - INTERNATIONAL STANDARD BOOK NUMBER |
| International Standard Book Number |
9684182163 |
| 040 ## - CATALOGING SOURCE |
| Original cataloging agency |
BPMSU |
| Language of cataloging |
spa |
| Transcribing agency |
BPMSU |
| 092 ## - LOCALLY ASSIGNED DEWEY CALL NUMBER (OCLC) |
| Classification number |
R 463.1 |
| Item number |
G748di |
| 245 00 - TITLE STATEMENT |
| Title |
Gran diccionario de sinónimos y antónimos time life / |
| Statement of responsibility, etc. |
Bettina Cositorto, directora editorial. |
| 260 ## - PUBLICATION, DISTRIBUTION, ETC. (IMPRINT) |
| Place of publication, distribution, etc. |
México : |
| Name of publisher, distributor, etc. |
Ediciones Culturales Internacionales, |
| Date of publication, distribution, etc. |
2008 |
| 300 ## - PHYSICAL DESCRIPTION |
| Extent |
608 p. ; |
| Dimensions |
27 cm. + |
| Accompanying material |
cd rom |
| 500 ## - GENERAL NOTE |
| General note |
La biblioteca posee la 3a. reimpresión del 2008 |
| 650 #4 - SUBJECT ADDED ENTRY--TOPICAL TERM |
| Topical term or geographic name as entry element |
ESPAÑOL- |
| General subdivision |
SINONIMOS Y ANTONIMOS - |
| -- |
DICCIONARIOS |
| 700 12 - ADDED ENTRY--PERSONAL NAME |
| Personal name |
Cositorto, Bettina |
| Relator term |
ed. |
| 910 ## - USER-OPTION DATA (OCLC) |
| User-option data |
Validado. Control de calidad MFF |
| 930 #1 - EQUIVALENCE OR CROSS-REFERENCE-UNIFORM TITLE HEADING [LOCAL, CANADA] |
| Language of a work |
BND01 |
| Medium of performance for music |
LF1 |
| Field link and sequence number |
20110228 |
| Date of a work |
02 |
| Name of part/section of a work |
HD |
| Miscellaneous information |
17009 |
| Medium |
e. 2 |
| 930 #1 - EQUIVALENCE OR CROSS-REFERENCE-UNIFORM TITLE HEADING [LOCAL, CANADA] |
| Language of a work |
BND01 |
| Medium of performance for music |
LF1 |
| Field link and sequence number |
20140707 |
| Date of a work |
01 |
| Name of part/section of a work |
OI |
| Miscellaneous information |
45513 |
| 930 #1 - EQUIVALENCE OR CROSS-REFERENCE-UNIFORM TITLE HEADING [LOCAL, CANADA] |
| Language of a work |
BND01 |
| Medium of performance for music |
LF1 |
| Field link and sequence number |
20140707 |
| Date of a work |
01 |
| Name of part/section of a work |
OI |
| Miscellaneous information |
45513 |
| 930 #1 - EQUIVALENCE OR CROSS-REFERENCE-UNIFORM TITLE HEADING [LOCAL, CANADA] |
| Language of a work |
BND01 |
| Medium of performance for music |
LF1 |
| Field link and sequence number |
20110228 |
| Date of a work |
02 |
| Name of part/section of a work |
HD |
| Miscellaneous information |
17009 |
| 942 ## - ADDED ENTRY ELEMENTS (KOHA) |
| Source of classification or shelving scheme |
Dewey Decimal Classification |
| Koha item type |
Libros |
| 956 ## - LOCAL ELECTRONIC LOCATION AND ACCESS (OCLC) |
| Host name |
YPOLANCO |
| Access number |
10 |
| Compression information |
20110228 |
| Logon |
BND01 |
| Processor of request |
0949 |
| 956 ## - LOCAL ELECTRONIC LOCATION AND ACCESS (OCLC) |
| Host name |
YLOCKWARD |
| Access number |
10 |
| Compression information |
20121024 |
| Logon |
BND01 |
| Processor of request |
1054 |
| 956 ## - LOCAL ELECTRONIC LOCATION AND ACCESS (OCLC) |
| Host name |
KLANTIGUA |
| Access number |
10 |
| Compression information |
20121106 |
| Logon |
BND01 |
| Processor of request |
1233 |
| 956 ## - LOCAL ELECTRONIC LOCATION AND ACCESS (OCLC) |
| Host name |
MFILETO |
| Access number |
04 |
| Compression information |
20130225 |
| Logon |
BND01 |
| Processor of request |
1319 |